LEADER 00457nab a2200145 i 4500 001 000000270409 003 CaOOAMICUS 005 20180831164843.0 008 180831n xx uu u0 0und r 013 $a16897 040 $aSeMil$bita 245 10$a[vedi periodico]. 500 $aMarzo 1996, inserto redazionale. 773 0 $aCostamagna, Philippe$tPontormo.$dFirenze : Giunti, 1996.$z88-09-76206-1$w()177572 996 $6245$a[vedi periodico]$9(OLS)http://semarc/title/309439 LEADER 01022nam a2200253 i 4500 001 000000063516 003 CaOOAMICUS 005 20181122103423.0 008 080717s1980 it u000 u ita u 013 $a34688 040 $aSeMil$bita 100 1 $aChiodi, Luigi.$0(OLS)http://semarc/name/5798 245 10$aVol. 2$cTesti di Luigi Chiodi ... [et al.]. 250 $aEd. promossa dalla Banca Credito Bergamasco. 300 $aP. 228-417 :$briccamente ill. 490 0 $aMonumenta Bergomensia [Monumenta Bergomensia] ;$v54. [2.] 650 4$aBergamo - Monastero Matris Domini.$0(OLS)http://semarc/subject/1986 773 0 $tMonastero Matris Domini in Bergamo.$dBergamo : Monumenta Bergomensia, 1980.$w()12162 830 0$aMonumenta Bergomensia ;$v54. [2.].$0(OLS)http://semarc/title/420024 850 $aSeMil 852 $aSeMil$W1$xVenegono$y1$m3P V 358$j29669$B29669$CSeMilBibl$Z2$F29672 $81 961 $aOmaggio: Deponti Angela 996 $6245$aVol. 2$9(OLS)http://semarc/title/13458